000 00400nam a22001577a 4500
999 _c257858
_d257857
003 OSt
005 20191008120325.0
008 191008b xxu||||| |||| 00| 0 eng d
020 _a9780323045292
040 _cN/A
100 _aGroodner
245 _aFoundations and Clinical Applications of Nutrition:
_bA Nursing Approach
250 _a4 ed
260 _aUSA
_bMosby Inc
_c2007
942 _2lcc
_cBK